| 000 | 00354nam a2200121Ia 4500 | ||
|---|---|---|---|
| 008 | 230907s9999||||xx |||||||||||||| ||und|| | ||
| 082 | _a621.472,AND | ||
| 100 |
_aAndreev, V. M. _9115349 |
||
| 245 | 0 | _aPhotovoltaic conversion of concentrated sunlight / | |
| 260 |
_aJohn Wiley, _bChichester ; | New York : _c1997 |
||
| 300 | _axiv, 294 p. : | ||
| 942 | _cBK | ||
| 999 |
_c598208 _d598208 |
||